000 01961nam a22002897a 4500
005 20220314152056.0
008 201107s2008 enk |||f||||| 001 0 mul d
020 _a9780674996304
040 _cSandra Yazo
_dSandra Yazo
041 0 _aeng
_agre
082 0 4 _220
_a883
092 _aE62N106
100 1 4 _aApolonio de Rodas
_9102023
242 0 0 _aApolonio de Rodas.
_bArgonáuticas.
_cEdición y traducción de William H. Race.
_yspa
245 1 0 _aApollonius Rhodius.
_bArgonautica.
_cEdited and translated by William H. Race.
260 _aLondon [Londres] (Inglaterra)
_bHarvard University Press [Imprenta de la Universidad de Harvard]
_c2008
300 _axxii, 511 páginas
_c16 x 11 cm.
490 0 _aLoeb classical Library
_v1
500 _aDetalles físicos: Encuadernación rígida. Cartón duro forrado en tela. Lomo con adornos en dorado. En la tapa delantera anagrama en dorado. Cubierta de papel verde con solapa, que incluye datos de autor y de la obra. Guardas. Hoja de cortesía. Anteportada. Portada impresa en una sola tinta; información sobre la obra dentro de un recuadro. Pequeño grabado con el emblema de la Colección (Palas Athenea); en el círculo, la inscripción “Loeb Classical Library”. Texto muy bien impreso en una sola columna: el texto griego, con párrafos numerados, ocupa la página derecha; la traducción inglesa correspondiente a la página de la izquierda. Notas de pie de página. Incluye índice. Hojas de cortesía posteriores y guardas.
505 0 _aPrefacio ; Introducción ; Argumentos ; Bibliografía ; Mapas ; Genealogía ; Argonáuticas ( o El viaje de los Argonautas): libros I, II, III y IV ; Fragmentos ; Índice
506 _aConsulta en sala
546 _aTexto en inglés y griego
650 7 _921803
_aPoesía épica griega
690 _aLiteratura griega
_976
700 1 4 _aRace, William H.
_d1943-
_etraductor
_q(William Hosmer)
_9100540
942 _2LOCAL
_cLIBRO
_e1
_hE62N106
999 _c318432
_d318432